[Event "ROM-ch"]
[Site "Bucharest"]
[Date "1994.??.??"]
[Round "12"]
[White "Ardeleanu, Alin"]
[Black "Ionescu, Constantin"]
[Result "1-0"]
[WhiteElo "2370"]
[BlackElo "2465"]

1.e4 c5 2.Nf3 e6 3.d4 cxd4 4.Nxd4 a6 5.Bd3 g6 6.Be3 Bg7 7.Nc3 Ne7 8.Qd2 d5
9.Nb3 dxe4 10.Nxe4 O-O 11.Bh6 Nbc6 12.Bxg7 Kxg7 13.h4 f5 14.Ng5 h6 15.Nf3 Nd5
16.O-O-O Qf6 17.Bc4 Nb6 18.Qe2 e5 19.Bd5 Nb4 20.Bc4 e4 21.Nfd4 Nxa2+ 22.Kb1 Nb4
23.f3 Re8 24.f4 h5 25.Qd2 Nxc4 26.Qxb4 b5 27.Nc5 Ra7 28.Rh3 Rae7 29.b3 Nb6
30.Qc3 Kh7 31.Nf3 Qxc3 32.Ng5+ Kg7 33.Rxc3 e3 34.Rcd3 Rc7 35.b4 Nc4 36.Rd4 a5
37.c3 a4 38.Kc2 e2 39.Re1 Ne3+ 40.Kd2 Nxg2 41.Rxe2 Rxe2+ 42.Kxe2 Re7+ 43.Kf2 Ne3
44.Rd8 Ng4+ 45.Kg3 Bb7 46.Nce6+ Rxe6 47.Rd7+ Kg8 48.Nxe6 Be4 49.Nc7 a3 50.Nxb5 a2
51.Ra7 Bd5 52.Nd6 Bb3 53.b5 Nf6 54.b6 Nd7 55.b7 Kf8 56.Nb5 Bd5 57.Nd6 Bb3
58.Nb5 Bd5 59.Nd4 Bxb7 60.Rxa2 Ke7 61.Ra7 Bd5 62.Nf3 Kd6 63.Ra6+ Ke7 64.Rxg6 Nc5
65.Nd2 Ne6 66.Rh6 Ng7 67.Rh7 Kf6 68.Kf2 Bf7 69.Rxg7 Kxg7 70.Ke3 Kf6 71.Kd4 Ke6
72.Kc5 Kd7 73.c4  1-0

[Event "Budapest FS10 GM"]
[Site "Budapest"]
[Date "1994.??.??"]
[Round "3"]
[White "Sulskis, Sarunas"]
[Black "Horvath, Csaba"]
[Result "1-0"]
[WhiteElo "2455"]
[BlackElo "2540"]

1.e4 c5 2.Nf3 e6 3.d4 cxd4 4.Nxd4 a6 5.Bd3 Nf6 6.O-O Qc7 7.Kh1 d5 8.Nd2 Nbd7
9.exd5 Nxd5 10.c4 N5f6 11.Ne4 Nxe4 12.Bxe4 Nf6 13.Bc2 Qxc4 14.Bg5 Bc5 15.Nf3 h6
16.Rc1 Ke7 17.Ba4 Qb4 18.Be3 Bd6 19.a3 Qa5 20.b4 Qd8 21.Qe2 Nd5 22.Bc5 Bxc5
23.Rxc5 b6 24.Rxd5 Qxd5 25.Rd1 Qb7 26.Ne5 b5 27.Qh5 Ke8 28.Bc2 Ra7 29.Nxf7 Qxf7
30.Bg6 Rf8 31.Bxf7+ Raxf7 32.Qc5 Bb7 33.Rd6 Bd5 34.f3 Re7 35.Rxa6 Kf7 36.h3 Rb8
37.Kh2 Rbb7 38.h4 Rec7 39.Qd6 Rc2 40.h5 Rbc7 41.Rb6 R7c4 42.Qd7+  1-0

[Event "Budapest Statistika"]
[Site "Budapest"]
[Date "1994.??.??"]
[Round "3"]
[White "Rogic, Davor"]
[Black "Fancsy, Imre"]
[Result "0-1"]
[WhiteElo "2390"]
[BlackElo "2400"]

1.e4 c5 2.Nf3 e6 3.d4 cxd4 4.Nxd4 a6 5.Bd3 Qc7 6.O-O Nf6 7.Qe2 d6 8.c4 g6
9.Nc3 Bg7 10.Be3 Nbd7 11.Rac1 O-O 12.Rfd1 b6 13.f3 Bb7 14.Qf2 Rac8 15.Bf1 Ba8
16.b4 Rb8 17.Nb3 Rfd8 18.h3 Bf8 19.Na4 Be7 20.Bd4 Rdc8 21.c5 bxc5 22.bxc5 dxc5
23.Naxc5 Nxc5 24.Bxc5 Bxc5 25.Rxc5 Qb7 26.Ra5 Rc6 27.Qd4 Nh5 28.Rxa6 Rxa6
29.Nc5 Qc6 30.Nxa6 Rc8 31.Nb4 Qa4 32.Qb2 Qxd1 33.Nd3 Ng3 34.Kf2 Nxf1 35.Qd4 h5
36.g4 h4 37.f4 Rc2+ 38.Kg1 Ng3+  0-1

[Event "Budapest FS06 IM-B"]
[Site "Budapest"]
[Date "1994.??.??"]
[Round "3"]
[White "Daly, Colm"]
[Black "Orso, Miklos"]
[Result "0-1"]
[WhiteElo "2265"]
[BlackElo "2330"]

1.e4 c5 2.Nf3 e6 3.d4 cxd4 4.Nxd4 a6 5.Bd3 Qc7 6.O-O b5 7.Nc3 Bb7 8.Re1 Bd6
9.Nf3 Bb4 10.Bd2 Be7 11.a4 b4 12.Na2 Nc6 13.c3 a5 14.cxb4 axb4 15.Rc1 Qa5
16.Bb5 Nf6 17.Bg5 h6 18.Bxf6 Bxf6 19.e5 Be7 20.Nd4 O-O 21.Nb3 Qa7 22.Rc2 Rfd8
23.Rd2 Ba6 24.Bxc6 dxc6 25.Nxb4 Bb7 26.a5 c5 27.a6 Rxd2 28.Nxd2 Bxg2 29.Kxg2 cxb4
30.Ne4 Qxa6 31.Qg4 Qc6 32.Re3 Qd5 33.f4 Qd4 34.Re2 Ra1 35.Qf3 Rg1+ 36.Kh3 g5
37.Rg2 Rxg2 38.Kxg2 Qxb2+ 39.Kh3 Qa3 40.Qg3 Qc1 41.fxg5 Qf1+ 42.Qg2 Qf5+
43.Qg4 hxg5 44.Qxf5 exf5 45.Nd2 Bc5 46.Nb3 Be3 47.Kg2 Bf4 48.h4 g4  0-1

[Event "Budapest Honved"]
[Site "Budapest"]
[Date "1994.??.??"]
[Round "4"]
[White "Slobodjan, Roman"]
[Black "Bezold, Michael"]
[Result "1-0"]
[WhiteElo "2490"]
[BlackElo "2475"]

1.e4 c5 2.Nf3 e6 3.d4 cxd4 4.Nxd4 a6 5.Bd3 Bc5 6.Nb3 Ba7 7.Qe2 Nc6 8.Be3 d6
9.f4 Nf6 10.N1d2 O-O 11.Bxa7 Rxa7 12.g4 e5 13.f5 b5 14.g5 Nd7 15.Rg1 f6 16.g6 h6
17.Nf1 Nd4 18.Qf2 Qb6 19.Nxd4 exd4 20.Nd2 Ne5 21.Nb3 Rc7 22.Rg3 Re8 23.Qxd4 Qb8
24.O-O-O Bb7 25.Kb1 Rd8 26.Qf2 d5 27.exd5 Bxd5 28.Re1 a5 29.Nc1 a4 30.Be4 Bc4
31.h3 b4 32.Rge3 Rcd7 33.Bd3 b3 34.axb3 axb3 35.Bxc4+ Nxc4 36.Rxb3 Qa8 37.Rd3 Rb8
38.Re8+ Rxe8 39.Rxd7 Rb8 40.Nb3 Qc6 41.Qd4 Qh1+ 42.Nc1  1-0

[Event "Budapest Statistika"]
[Site "Budapest"]
[Date "1994.??.??"]
[Round "5"]
[White "Rogic, Davor"]
[Black "Izsak, Gyula"]
[Result "1/2-1/2"]
[WhiteElo "2390"]
[BlackElo "2365"]

1.e4 c5 2.Nf3 e6 3.d4 cxd4 4.Nxd4 a6 5.Bd3 Nc6 6.Nxc6 bxc6 7.O-O d5 8.exd5 cxd5
9.Qe2 Nf6 10.c4 Be7 11.Nc3 Bb7 12.Rd1 O-O 13.Be3 Qa5 14.cxd5 Nxd5 15.Nxd5 Bxd5
16.Bd4 Bb7 17.Qg4 Qg5 18.Qxg5 Bxg5 19.b4 Be7 20.Rac1 Rac8 21.Bc5 Bxc5 22.bxc5 Rfd8
23.c6 Bxc6 24.Bxa6 Rxd1+ 25.Rxd1 Ra8 26.Bc4 Kf8 27.Bb3  1/2-1/2

[Event "Elekes mem"]
[Site "Budapest"]
[Date "1994.??.??"]
[Round "5"]
[White "Anka, Emil"]
[Black "Izsak, Gyula"]
[Result "1/2-1/2"]
[WhiteElo "2390"]
[BlackElo "2365"]

1.e4 c5 2.Nf3 e6 3.d4 cxd4 4.Nxd4 a6 5.Bd3 Qc7 6.O-O Nc6 7.Nxc6 bxc6 8.Qe2 d5
9.e5 f5 10.Nd2 Nh6 11.Nf3 g6 12.c4 Bg7 13.cxd5 cxd5 14.Bf4 O-O 15.Rfc1 Qd7
16.Rc3  1/2-1/2

[Event "Budapest Honved"]
[Site "Budapest"]
[Date "1994.??.??"]
[Round "7"]
[White "Varga, Zoltan"]
[Black "Bezold, Michael"]
[Result "1-0"]
[WhiteElo "2480"]
[BlackElo "2475"]

1.e4 c5 2.Nf3 e6 3.d4 cxd4 4.Nxd4 a6 5.Bd3 Bc5 6.Nb3 Ba7 7.Qe2 Nc6 8.O-O d6
9.Be3 Nf6 10.c4 O-O 11.Nc3 Qc7 12.Rac1 Bxe3 13.Qxe3 Ne5 14.Rfd1 b6 15.Be2 Bb7
16.Qd4 Rfd8 17.Na4 Bxe4 18.Qxb6 Qe7 19.Nc3 Rab8 20.Qe3 Ba8 21.c5 Nd5 22.Qg3 Ng6
23.cxd6 Rxd6 24.Nxd5 Bxd5 25.Bf3 Rbd8 26.Bxd5 Rxd5 27.Rxd5 Rxd5 28.Qb8+ Nf8
29.g3 h5 30.Rc8 h4 31.Kg2 f5 32.Qc7 Qf6 33.Nc5 Kh7 34.Qf4 g5 35.Qe3 g4 36.gxh4 f4
37.Qe4+ Kg7 38.Rxf8 f3+ 39.Kg3 Rd1 40.Nxe6+  1-0

[Event "Budapest FS06 GM"]
[Site "Budapest"]
[Date "1994.??.??"]
[Round "7"]
[White "Fogarasi, Tibor"]
[Black "Farago, Ivan"]
[Result "1-0"]
[WhiteElo "2415"]
[BlackElo "2515"]

1.e4 c5 2.Nf3 e6 3.d4 cxd4 4.Nxd4 a6 5.Bd3 Nf6 6.O-O Qc7 7.Nc3 Nc6 8.Nxc6 dxc6
9.a4 e5 10.Kh1 Bd6 11.Bg5 Be7 12.Qe2 h6 13.Bd2 Bd6 14.Nd1 O-O 15.a5 Be6 16.Ne3 Bc5
17.Nc4 Rad8 18.Ra4 Rfe8 19.h3 Bd4 20.c3 Ba7 21.Bc1 Nh5 22.Qxh5 Rxd3 23.Nxe5 Bb3
24.Rb4 Rxe5 25.Qe2 Qd7 26.Rxb3 Rxh3+ 27.Kg1 Rh4 28.g3 Rexe4 29.Qf3 Rhg4 30.Kg2 h5
31.Rd1 Qe7 32.Qf5 Re2 33.Rxb7 Rxf2+ 34.Qxf2 Qxb7 35.Rd8+ Kh7 36.Qf5+ g6 37.Qf6 c5+
38.Kh2  1-0

[Event "Budapest FS02 GM"]
[Site "Budapest"]
[Date "1994.??.??"]
[Round "9"]
[White "Kalesis, Nikolaos"]
[Black "Bezold, Michael"]
[Result "0-1"]
[WhiteElo "2415"]
[BlackElo "2515"]

1.e4 c5 2.Nf3 e6 3.d4 cxd4 4.Nxd4 a6 5.Bd3 Bc5 6.Nb3 Ba7 7.Qe2 Nc6 8.Be3 Nf6
9.Nc3 d6 10.O-O-O b5 11.Bxa7 Rxa7 12.a3 e5 13.Qe3 Be6 14.Nxb5 axb5 15.Bxb5 Rc7
16.Na5 Bd7 17.Nc4 O-O 18.Bxc6 Rxc6 19.Qd3 Qc7 20.Nxd6 Rb8 21.f3 g6 22.Rd2 Be6
23.f4 exf4 24.Qd4 Ng4 25.Kb1 Ne3 26.Rc1 Rxd6 27.Qxd6 Rxb2+ 28.Ka1 Qc3 29.Qd8+ Kg7
30.Qd4+ Qxd4 31.Rxd4 Rxc2 32.Rg1 Ra2+ 33.Kb1 Nc2 34.Rd5 Bxd5  0-1

[Event "Elekes mem"]
[Site "Budapest"]
[Date "1994.??.??"]
[Round "9"]
[White "Anka, Emil"]
[Black "Horvath, Csaba"]
[Result "1/2-1/2"]
[WhiteElo "2390"]
[BlackElo "2535"]

1.e4 c5 2.Nf3 e6 3.d4 cxd4 4.Nxd4 a6 5.Bd3 Nf6 6.O-O Qc7 7.Qe2 d6 8.c4 g6
9.Kh1 Bg7 10.f4 O-O 11.Nc3 Nbd7 12.Nf3 b6 13.Bd2 Bb7 14.Rac1 Rae8 15.b4 Qb8
16.Qf2 e5 17.Qh4 exf4 18.Bxf4 Nh5 19.Bg5 h6 20.Bd2 Qd8 21.Qf2 Nhf6 22.Bf4 Ne5
23.Qd2 Nxd3 24.Qxd3 Nxe4 25.Nxe4 Rxe4 26.Qxd6 Qa8 27.Bg3 Re6 28.Qd2 Rd8 29.Qf2 Rf6
30.Qe2 Re8 31.Qd3 Rd8 32.Qe3 Be4 33.Rce1 Bd3 34.Rf2 Re6 35.Qc1 Rde8 36.Rxe6 Rxe6
37.Rd2 Qe4 38.c5 bxc5 39.bxc5 Rc6 40.Bd6 Be2 41.Ng1 Bg4 42.h3 Be6 43.Qd1 Rc8
44.Nf3 a5 45.Re2 Qb7 46.Kh2 Qb5 47.Rd2 Rxc5 48.Bxc5 Qxc5 49.Qc2 Qb4 50.Qd3 Qf4+
51.Kh1 Kh7 52.Nd4 Bc4 53.Qxc4 Qxd2 54.Nf3 Qd1+ 55.Kh2 Qd7 56.a4 Bf8 57.g3 Qb7
58.Nd2 Bg7 59.h4 Qb2 60.Qd5 Qd4 61.Qxa5 Be5 62.Kg2 Qe3 63.Qd5 Qxg3+ 64.Kf1 Kg7
65.a5 Qe3 66.Nf3 Bf6 67.a6 g5 68.hxg5 hxg5 69.Nxg5 Bxg5 70.a7 Bh4 71.Qf5 Qxa7
72.Qg4+ Kf8 73.Qxh4 Qa6+  1/2-1/2

[Event "Budapest FS08 GM"]
[Site "Budapest"]
[Date "1994.??.??"]
[Round "10"]
[White "Anka, Emil"]
[Black "Horvath, Csaba"]
[Result "0-1"]
[WhiteElo "2380"]
[BlackElo "2540"]

1.e4 c5 2.Nf3 e6 3.d4 cxd4 4.Nxd4 a6 5.Bd3 Qb6 6.Nb3 Qc7 7.f4 d6 8.Qf3 Nf6
9.Nc3 Be7 10.g4 b5 11.g5 Nfd7 12.Be3 Bb7 13.O-O-O b4 14.Ne2 Nc6 15.Kb1 e5
16.f5 a5 17.Nd2 a4 18.Nc4 Na5 19.Nxa5 Rxa5 20.f6 gxf6 21.gxf6 Bf8 22.Rhg1 d5
23.Qf5 Qc6 24.exd5 Qxf6 25.Qh3 Bxd5 26.Be4 Be6 27.Qh5 Be7 28.Bg5 Qf2 29.Bxe7 Kxe7
30.Nd4 Ra6 31.Nxe6 Rxe6 32.Rgf1 Nf6 33.Qh3 Qc5 34.Bf5 Rd6 35.Rde1 Rg8 36.Qh4 Rd4
37.Be4 Qd6 38.Qf2 a3 39.Bf5 Rd8 40.Qe3 Rd1+ 41.Rxd1 Qxd1+ 42.Rxd1 Rxd1+ 43.Qc1 Rxc1+
44.Kxc1 e4 45.c3 b3 46.bxa3 bxa2 47.Kb2 e3 48.Bd3 Nd5 49.Kxa2 e2 50.Bxe2 Nxc3+
51.Kb3 Nxe2 52.Kc4 Kd6 53.a4 Kc6 54.a5 Nf4 55.Kd4 Ng6 56.Ke4 Ne7 57.h4 Kb5
58.h5 Kxa5  0-1

[Event "Budapest Statistika"]
[Site "Budapest"]
[Date "1994.??.??"]
[Round "10"]
[White "Rogic, Davor"]
[Black "Pal, Geza"]
[Result "0-1"]
[WhiteElo "2390"]
[BlackElo "2230"]

1.e4 c5 2.Nf3 e6 3.d4 cxd4 4.Nxd4 a6 5.Bd3 Qc7 6.O-O b5 7.f4 Bb7 8.Kh1 Nf6
9.Nd2 h5 10.e5 Ng4 11.Ne4 Bd5 12.Qe2 Nc6 13.c3 Qb6 14.Nxc6 Qxc6 15.a4 Rb8
16.axb5 axb5 17.Ra5 b4 18.Ra6 Qb7 19.Nd6+ Bxd6 20.Rxd6 g6 21.cxb4 Qxb4 22.Qc2 Qb7
23.b4 Rc8 24.Qe2 Qxb4 25.h3 Rxc1 26.Rxc1 Qxf4 27.Rc8+ Ke7  0-1

[Event "Budapest FS05 IM"]
[Site "Budapest"]
[Date "1994.??.??"]
[Round "11"]
[White "Isupov, Vladimir"]
[Black "Csoke, Adrienn"]
[Result "1-0"]
[WhiteElo "2300"]
[BlackElo "2200"]

1.e4 c5 2.Nf3 e6 3.d4 cxd4 4.Nxd4 a6 5.Bd3 Bc5 6.Nb3 Ba7 7.Qe2 Nc6 8.Be3 Bxe3
9.Qxe3 Nge7 10.Nc3 d5 11.exd5 Nxd5 12.Nxd5 Qxd5 13.O-O-O Qe5 14.Be4 Qc7 15.Qg3 Qxg3
16.Bxc6+ bxc6 17.hxg3 Ke7 18.Rh4 Rb8 19.Rc4 Rb6 20.Na5 Bd7 21.Rcd4 Be8 22.Rd8 h5
23.Ra8 Rh6 24.Ra7+ Kf8 25.Rd8 e5 26.Nc4 Rb5 27.Raa8  1-0

[Event "Budapest FS12 IM"]
[Site "Budapest"]
[Date "1994.??.??"]
[Round "11"]
[White "Slavina, Irina"]
[Black "Kawaciukova, Zuzana"]
[Result "1-0"]
[WhiteElo "2120"]
[BlackElo "2120"]

1.e4 c5 2.Nf3 e6 3.d4 cxd4 4.Nxd4 a6 5.Bd3 Qc7 6.O-O b5 7.b3 Bb7 8.Bb2 Nf6
9.Qe2 Bd6 10.h3 Bc5 11.Nd2 d6 12.a3 Nbd7 13.b4 Ba7 14.a4 e5 15.N4b3 d5 16.axb5 axb5
17.Bxb5 O-O 18.Bd3 dxe4 19.Nxe4 Nd5 20.Qd2 f5 21.Nec5 Nxc5 22.Bc4 Nxb3 23.Bxd5+ Kh8
24.Bxb3 Qc6 25.Qg5 h6 26.Qg3 Rf6 27.b5 Qb6 28.Qxe5 Rd8 29.Rxa7 Qxa7 30.Qe7 Qb6
31.Bxf6 gxf6 32.Bf7 Qd4 33.Qxb7  1-0

[Event "Budapest FS02 GM"]
[Site "Budapest"]
[Date "1994.??.??"]
[Round "11"]
[White "Yemelin, Vasily"]
[Black "Bezold, Michael"]
[Result "1-0"]
[WhiteElo "2475"]
[BlackElo "2515"]

1.e4 c5 2.Nf3 e6 3.d4 cxd4 4.Nxd4 a6 5.Bd3 Bc5 6.Nb3 Ba7 7.O-O Nc6 8.Qe2 d6
9.a4 Nge7 10.Be3 Bxe3 11.Qxe3 b6 12.N1d2 O-O 13.Rfd1 Qc7 14.Nc4 Rb8 15.Qg3 e5
16.Bf1 Rd8 17.Ne3 b5 18.axb5 axb5 19.Rd2 Be6 20.Nd5 Bxd5 21.exd5 Nb4 22.Qf3 Rb6
23.c3 Na6 24.Rdd1 Qb8 25.Na5 Nc7 26.b4 Ne8 27.Nc6 Nxc6 28.dxc6 Qc7 29.c4 bxc4
30.Bxc4 Rxb4 31.Rab1 Rdb8 32.Rxb4 Rxb4 33.Qd5 g6 34.h4 Nf6 35.Qxd6 Qxd6 36.Rxd6 Rxc4
37.Rxf6 Rxh4 38.f4 Kg7 39.Rxf7+ Kxf7 40.c7 Rxf4 41.c8=Q h5 42.Qh8 Ke6 43.Qg7 Rg4
44.Qg8+ Kf6 45.Qd5 Rd4 46.Qc6+ Kf5 47.Kf2 Rf4+ 48.Ke3 Rg4 49.Qd5 Kf6 50.Qd6+ Kf5
51.Kf2 Rf4+ 52.Kg1 Rd4 53.Qe7 Rg4 54.Qf7+ Kg5 55.Qe6 Kf4 56.Kf2 Ke4 57.g3 Rg5
58.Qc4+ Kf5 59.Qf7+  1-0

[Event "Buenos Aires PRENAJ"]
[Site "Buenos Aires"]
[Date "1994.??.??"]
[Round "1"]
[White "Celis, Gustavo"]
[Black "Giardelli, Sergio C"]
[Result "0-1"]
[WhiteElo "2345"]
[BlackElo "2475"]

1.e4 c5 2.Nf3 e6 3.d4 cxd4 4.Nxd4 a6 5.Bd3 Qb6 6.Nf3 Nc6 7.O-O Nf6 8.c4 Bd6
9.Nc3 O-O 10.Be3 Qc7 11.h3 b6 12.Na4 Rb8 13.Nxb6 Rxb6 14.c5 Bh2+ 15.Nxh2 Rxb2
16.f4 Qa5 17.a3 Qc3 18.Rf3 Nd4 19.Rf2 Rxf2 20.Bxf2 Nb3 21.Ra2 Nxc5 22.Bxc5 Qxc5+
23.Kh1 Nh5 24.Qf3 Qc1+ 25.Nf1 g6 26.f5 Bb7 27.f6 Qc3 28.Rf2 Nxf6 29.Bxa6 Qxf3
30.Rxf3 Bxa6 31.Rxf6 Rc8 32.Nd2 Kg7 33.Rf3 Rc2 34.Nb3 Bc4 35.Kg1 h5 36.a4 d5
37.e5 Re2 38.Na5 Rxe5 39.Nxc4 dxc4 40.Rc3 Rc5 41.Kf2 Kf6  0-1

[Event "ARG-ch"]
[Site "Buenos Aires"]
[Date "1994.??.??"]
[Round "5"]
[White "Bruno, Eduardo"]
[Black "Quiroga, Sergio"]
[Result "1-0"]
[WhiteElo "2310"]
[BlackElo "2300"]

1.e4 c5 2.Nf3 e6 3.d4 cxd4 4.Nxd4 a6 5.Bd3 Nf6 6.O-O Qc7 7.Qe2 d6 8.c4 g6
9.b3 Bg7 10.Bb2 O-O 11.Nd2 b6 12.Rac1 Bb7 13.Bb1 Nc6 14.Nc2 b5 15.cxb5 axb5
16.Na3 b4 17.Nb5 Qb8 18.Nc4 d5 19.Ncd6 Nxe4 20.Bxg7 Kxg7 21.Bxe4 dxe4 22.Qxe4 Nd8
23.Qd4+ Kg8 24.Rc2 Ra6 25.Qxb4 Bc6 26.a4 Nb7 27.Nc4 Qf4 28.Qd2 Qg4 29.f3 Qh4
30.Nc7 Ra7 31.Qe3  1-0

[Event "ARG-ch"]
[Site "Buenos Aires"]
[Date "1994.??.??"]
[Round "5"]
[White "Spangenberg, Hugo"]
[Black "Panno, Oscar"]
[Result "1-0"]
[WhiteElo "2510"]
[BlackElo "2520"]

1.e4 c5 2.Nf3 e6 3.d4 cxd4 4.Nxd4 a6 5.Bd3 Qb6 6.Nb3 Qc7 7.O-O Nf6 8.c4 d6
9.Nc3 Be7 10.a4 Nc6 11.a5 Ne5 12.Qe2 Bd7 13.Be3 Nxd3 14.Qxd3 Rc8 15.Nd2 O-O
16.h3 Be8 17.Bb6 Qb8 18.Bd4 Nd7 19.b4 Ne5 20.Qg3 f6 21.Bxe5 fxe5 22.Na4 Kh8
23.Nb6 Rc6 24.Qd3 Bd8 25.Na4 Bg6 26.Rab1 h6 27.b5 axb5 28.cxb5 Rc8 29.a6 d5
30.Qg3 Kh7 31.axb7 Rc2 32.Nb3 Qxb7 33.Nbc5 Qe7 34.b6 Rxc5 35.b7 Bc7 36.Qa3 Bd6
37.Nxc5 Bxe4 38.Rb5 Rb8 39.Rc1 Bxc5 40.Rcxc5 Rxb7  1-0

[Event "ARG-ch"]
[Site "Buenos Aires"]
[Date "1994.??.??"]
[Round "9"]
[White "Playa, Marcelo"]
[Black "Giardelli, Sergio C"]
[Result "0-1"]
[WhiteElo "2340"]
[BlackElo "2475"]

1.e4 c5 2.Nf3 e6 3.d4 cxd4 4.Nxd4 a6 5.Bd3 Qb6 6.Nb3 Qc7 7.O-O Nf6 8.c4 d6
9.Nc3 Be7 10.Qe2 b6 11.f4 Bb7 12.e5 Nfd7 13.exd6 Qxd6 14.Ne4 Qc7 15.f5 e5
16.Be3 Nf6 17.Nbd2 Nbd7 18.a3 O-O 19.b4 a5 20.g4 axb4 21.g5 Nxe4 22.Nxe4 Nc5
23.Bxc5 Bxc5+ 24.Kg2 Rxa3 25.Rxa3 bxa3 26.Kh3 Rd8 27.Rf3 a2 28.Rf1 Qd7 29.Bc2 Qd4
30.g6 Bxe4 31.Bxe4 Qc3+  0-1

[Event "ARG-World"]
[Site "Buenos Aires"]
[Date "1994.??.??"]
[Round "10"]
[White "Spangenberg, Hugo"]
[Black "Cramling, Pia"]
[Result "1-0"]
[WhiteElo "2510"]
[BlackElo "2515"]

1.e4 c5 2.Nf3 e6 3.d4 cxd4 4.Nxd4 a6 5.Bd3 Bc5 6.Nb3 Ba7 7.c4 Nc6 8.Nc3 Nge7
9.O-O Qc7 10.Kh1 Ne5 11.Bf4 d6 12.Be2 O-O 13.Rc1 b6 14.Bg3 Bb7 15.f4 Nd7
16.Nd4 Nc6 17.Ncb5 Qb8 18.Nxc6 Bxc6 19.Nxd6 Rd8 20.e5 Nc5 21.Qc2 Nb7 22.Nxf7 Kxf7
23.Qxh7 Rd2 24.Bh5+ Ke7 25.Qxg7+ Kd8 26.Rf2 Rd7 27.Rd1 Kc7 28.Rxd7+ Bxd7
29.Rd2 Qc8 30.b4  1-0

[Event "ESP-chT"]
[Site "Cala Galdana"]
[Date "1994.??.??"]
[Round "?"]
[White "Spraggett, Kevin"]
[Black "Illescas Cordoba, Miguel"]
[Result "1-0"]
[WhiteElo "2550"]
[BlackElo "2590"]

1.e4 c5 2.Nf3 e6 3.d4 cxd4 4.Nxd4 a6 5.Bd3 Bc5 6.Nb3 Ba7 7.Nc3 Nc6 8.Qe2 d6
9.Be3 Nf6 10.O-O-O O-O 11.f4 e5 12.Bxa7 Rxa7 13.Qf2 Ng4 14.Qg3 exf4 15.Qxf4 Nge5
16.Be2 b5 17.Nd4 Nxd4 18.Rxd4 Be6 19.Rhd1 Rd7 20.Kb1 Qb8 21.Nd5 Bxd5 22.Rxd5 Re8
23.Qd2 Re6 24.a3 g6 25.g3 Qb6 26.Bf1 Nc4 27.Bxc4 bxc4 28.Qd4 Rb7 29.Qc3 h5
30.Ka2 Rc7 31.R1d4 Qc6 32.h4 Kh7 33.Qf3 Rce7 34.Qf4 Qb7 35.g4 hxg4 36.h5 Kg7
37.Qxg4 Qc6 38.hxg6 Rxg6 39.Qh4 Re5 40.Rxe5 dxe5 41.Rd8 Rh6 42.Qg5+ Rg6 43.Qxe5+ Qf6
44.Qe8 Kh6 45.Rc8  1-0

[Event "ESP-chT"]
[Site "Cala Galdana"]
[Date "1994.??.??"]
[Round "?"]
[White "Garcia, Javier"]
[Black "Pares Vives, Jose"]
[Result "1/2-1/2"]
[WhiteElo "2305"]
[BlackElo "2375"]

1.e4 c5 2.Nf3 e6 3.d4 cxd4 4.Nxd4 a6 5.Bd3 Bc5 6.Nb3 Ba7 7.Qe2 Nc6 8.Be3 Bxe3
9.Qxe3 Nf6 10.Nc3 d6 11.f4 Qc7 12.O-O-O O-O 13.Rhg1 b5 14.g4 b4 15.Na4 Rb8
16.Qh3 e5 17.Qh4 Ne7 18.f5 d5 19.exd5 e4 20.Be2 Qf4+ 21.Kb1 Nxf5 22.Qe1 Ne3
23.Rd4 Nfxd5 24.Nac5 Re8 25.Qd2 Qf2 26.Re1 Bb7 27.Nxe4 Rxe4 28.Rxe4 Nc3+
29.bxc3 Bxe4 30.Bd3 Qxd2 31.Nxd2 bxc3+ 32.Nb3 Bxd3 33.Rxe3 Bb5 34.Rxc3 h6
35.Rc7 Re8 36.c4 Ba4 37.c5 Re6 38.Rc8+ Kh7 39.Na5 Re4 40.c6 Re5 41.c7 Bd7
42.Rd8 Bxg4  1/2-1/2

[Event "Calcutta op2"]
[Site "Calcutta"]
[Date "1994.??.??"]
[Round "?"]
[White "Dhar, Saheli"]
[Black "Nasir Ali, Syed"]
[Result "1-0"]
[WhiteElo "2115"]
[BlackElo "2315"]

1.e4 c5 2.Nf3 e6 3.d4 cxd4 4.Nxd4 a6 5.Bd3 g6 6.O-O Bg7 7.Be3 d6 8.Nc3 Nf6
9.f4 e5 10.fxe5 Ng4 11.Qf3 O-O 12.e6 Nxe3 13.exf7+ Kh8 14.Qxe3 Qb6 15.Nf5 Qxe3+
16.Nxe3 Be6 17.Bc4 Bc8 18.Rad1 Be5 19.Ned5 Bg4 20.Be2 Bd7 21.Nb6 Ra7 22.Nc4 b5
23.Nxe5 dxe5 24.Rd5 Nc6 25.Rf6 b4 26.Rd1  1-0

[Event "Calcutta op"]
[Site "Calcutta"]
[Date "1994.??.??"]
[Round "10"]
[White "Mithrakanth, Poorna Sharma"]
[Black "Barua, Dibyendu"]
[Result "0-1"]
[WhiteElo "2370"]
[BlackElo "2510"]

1.e4 c5 2.Nf3 e6 3.d4 cxd4 4.Nxd4 a6 5.Bd3 Qc7 6.O-O Nf6 7.c4 Nc6 8.Nxc6 dxc6
9.Be3 e5 10.f3 Qa5 11.Qd2 Qxd2 12.Nxd2 Be6 13.Rfd1 Nd7 14.Be2 a5 15.Rac1 Bc5
16.Bxc5 Nxc5 17.Nf1 Ke7 18.Ne3 b6 19.b3 Rhd8 20.Kf2 g6 21.Nc2 f5 22.Ke3 f4+
23.Kf2 g5 24.Ne1 Rd4 25.Nc2 Rxd1 26.Rxd1 g4 27.Ne1 h5 28.Nd3 Nxd3+ 29.Bxd3 a4
30.b4 Rd8 31.Bc2 Rxd1 32.Bxd1 a3 33.Bb3 b5  0-1

[Event "Capablanca mem-B"]
[Site "?"]
[Date "1994.??.??"]
[Round "4"]
[White "Martin del Campo, Roberto"]
[Black "Urday, Henry"]
[Result "1/2-1/2"]
[WhiteElo "2460"]
[BlackElo "2450"]

1.e4 c5 2.Nf3 e6 3.d4 cxd4 4.Nxd4 a6 5.Bd3 Nf6 6.O-O Qc7 7.Qe2 d6 8.c4 g6
9.Nc3 Bg7 10.Rd1 O-O 11.Nf3 Nbd7 12.Bf4 Nh5 13.Be3 Re8 14.Rac1 b6 15.Bb1 Bb7
16.Qd2 Bf8 17.Bh6 Be7 18.b3 Rac8 19.Nd4 Qb8 20.Bg5 Bf8 21.Bh6  1/2-1/2

[Event "Capablanca mem-B"]
[Site "?"]
[Date "1994.??.??"]
[Round "6"]
[White "Arencibia, Walter"]
[Black "Urday, Henry"]
[Result "1/2-1/2"]
[WhiteElo "2485"]
[BlackElo "2450"]

1.e4 c5 2.Nf3 e6 3.d4 cxd4 4.Nxd4 a6 5.Bd3 Nf6 6.O-O Qc7 7.Qe2 d6 8.c4 g6
9.f4 Bg7 10.Nf3 O-O 11.Nc3 Nbd7 12.Kh1 b6 13.Bd2 Bb7 14.Rac1 Rae8 15.b4 Nh5
16.Qf2 f5 17.exf5 gxf5 18.Qh4 Nhf6 19.Rce1 Rf7 20.Ng5 Rfe7 21.Re2 Nf8 22.Qe1 d5
23.cxd5 exd5 24.Rxe7 Rxe7 25.Ne2 Ne4 26.Nf3 Ng6 27.Be3 b5 28.Nfd4 Qd7 29.Bg1 Bf6
30.Qc1 Nh4 31.Qc2 Rg7 32.g3 Ng6 33.Rc1 h5 34.a4 bxa4 35.b5 axb5 36.Bxb5 Qf7
37.Qxa4 Nd6 38.Bd3 h4 39.Bf2 hxg3 40.hxg3 Ne4 41.Kg1 Nh4 42.Rc7  1/2-1/2

[Event "Cappelle op"]
[Site "Cappelle la Grande"]
[Date "1994.??.??"]
[Round "1"]
[White "Roth, Peter"]
[Black "Emms, John M"]
[Result "0-1"]
[WhiteElo "2290"]
[BlackElo "2525"]

1.e4 c5 2.Nf3 e6 3.d4 cxd4 4.Nxd4 a6 5.Bd3 Qc7 6.Nc3 Nf6 7.Qe2 d6 8.f4 Nbd7
9.Nf3 g6 10.O-O Bg7 11.Kh1 O-O 12.Bd2 b6 13.Rae1 Bb7 14.Qf2 b5 15.Qh4 b4
16.Nd1 a5 17.f5 Rae8 18.Bh6 exf5 19.Ng5 fxe4 20.Bb5 Nh5 21.Bxg7 Kxg7 22.Ne3 f6
23.Nh3 Re5 24.Bxd7 Qxd7 25.g4 Kg8 26.Rf2 d5 27.c3 Ng7 28.Rxf6 Rxf6 29.Qxf6 Qe6
30.Qf4 Qe7 31.Rf1 g5 32.Qg3 h6 33.Ng1 Kh7 34.Ne2 Ba6 35.Rf2 Bxe2 36.Rxe2 Qd6
37.Rd2 Qe6 38.cxb4 axb4 39.Rd4 Qf6 40.Rxb4 Re7 41.Qg2 Rc7 42.Qf1 Qxf1+ 43.Nxf1 Rc1
44.Kg2 Ne6 45.Rb7+ Kg6 46.Ng3 Kf6 47.a4 Ra1 48.Nf5 d4 49.Nd6 Nf4+ 50.Kg3 Rg1+
51.Kf2 Rg2+ 52.Kf1 d3 53.Nxe4+ Ke5  0-1

[Event "Cappelle op"]
[Site "Cappelle la Grande"]
[Date "1994.??.??"]
[Round "4"]
[White "Franzen, Josef"]
[Black "Averkin, Orest N"]
[Result "1/2-1/2"]
[WhiteElo "2315"]
[BlackElo "2465"]

1.e4 c5 2.Nf3 e6 3.d4 cxd4 4.Nxd4 a6 5.Bd3 Nf6 6.O-O d6 7.c4 g6 8.Nc3 Bg7
9.Be3 O-O 10.Rc1 Nbd7 11.Kh1 Re8 12.b3 b6 13.f3 Bb7 14.Qd2 h5 15.Bg5 Qc7
16.Bb1 Nh7 17.Bh4 Ndf6 18.Nd1 Rad8 19.Ne2 Ba8 20.Bf2  1/2-1/2

[Event "Cappelle op"]
[Site "Cappelle la Grande"]
[Date "1994.??.??"]
[Round "5"]
[White "Salaun, Yann"]
[Black "Kovacevic, Slobodan"]
[Result "1/2-1/2"]
[WhiteElo "2270"]
[BlackElo "2400"]

1.e4 c5 2.Nf3 e6 3.d4 cxd4 4.Nxd4 a6 5.Bd3 Nf6 6.O-O d6 7.c4 Nbd7 8.Qe2 g6
9.Nf3 Qc7 10.Nc3 b6 11.Bf4 Ng4 12.Rac1 Bb7 13.b4 Nge5 14.c5 bxc5 15.Nxe5 dxe5
16.Be3 c4 17.Bxc4 Bxb4 18.Bxe6 Bxc3 19.Bxd7+ Qxd7 20.Rxc3 O-O 21.Bh6 Rfc8
22.Rd1 Qe7 23.Rxc8+ Rxc8 24.f3 Re8 25.Qd2 f6 26.Qc3 Bc8 27.Qc6 Kf7 28.Be3 Qb7
29.Qxb7+ Bxb7 30.Rd7+ Re7 31.Rxe7+ Kxe7 32.Bc5+ Ke6 33.Kf2 f5 34.exf5+ gxf5
35.Ke3 Kd5 36.Bf8 f4+ 37.Kf2 e4 38.fxe4+ Kxe4 39.Bh6 Bc6 40.a3 a5 41.Bf8 a4
42.Bd6 h5 43.h4  1/2-1/2

[Event "Cappelle op"]
[Site "Cappelle la Grande"]
[Date "1994.??.??"]
[Round "9"]
[White "Howell, James C"]
[Black "Emms, John M"]
[Result "1/2-1/2"]
[WhiteElo "2495"]
[BlackElo "2525"]

1.e4 c5 2.Nf3 e6 3.d4 cxd4 4.Nxd4 a6 5.Bd3 Nf6 6.O-O Qc7 7.Nc3 Bc5 8.Nb3 Be7
9.f4 d6 10.a4 b6 11.Qf3 Nbd7 12.Bd2 Bb7 13.Qg3 O-O 14.Rae1 d5 15.exd5 Nxd5
16.Nxd5 Bxd5 17.Qh3 f5 18.Kh1 Bf6 19.c4 Bxc4 20.Rc1 b5 21.Na5 Nc5 22.Nxc4 Nxd3
23.Qxd3 Rfd8 24.Qe2 bxc4 25.Bc3 Bxc3  1/2-1/2

[Event "FRA-ch"]
[Site "Chambery"]
[Date "1994.??.??"]
[Round "?"]
[White "Santo Roman, Marc"]
[Black "Koch, Jean Rene"]
[Result "1/2-1/2"]
[WhiteElo "2420"]
[BlackElo "2475"]

1.e4 c5 2.Nf3 e6 3.d4 cxd4 4.Nxd4 a6 5.Bd3 Nc6 6.Nxc6 dxc6 7.Bf4 Qf6 8.Bg3 e5
9.Qh5 Bd6 10.Nd2 Ne7 11.Nc4 Ng6 12.Nb6 Rb8 13.Nxc8 Rxc8 14.Qf5  1/2-1/2